[Event "BLR-ch sf (Women)"]
[Site "Minsk"]
[Date "2023.12.15"]
[Round "9"]
[White "Baranova, Valentina"]
[Black "Sevastsyanchuk, Anastasiya"]
[Result "0-1"]
[WhiteElo "1162"]
[BlackElo "1226"]
[PlyCount "100"]
[EventDate "2023.12.07"]
[EventType "swiss"]
[EventRounds "9"]
[EventCountry "BLR"]
[SourceTitle "CB51_2023"]
[SourceDate "2023.12.20"]
[SourceVersion "1"]
[SourceVersionDate "2023.12.20"]
[SourceQuality "1"]

1. Nf3 Nf6 2. c4 e6 3. d4 b6 4. g3 Ba6 5. Qb3 Nc6 6. Nbd2 Bb4 7. a3 Bxd2+ 8. Bxd2 Ne4 9. e3 0-0 10. Qc2 d5 11. b3 Qf6 12. Bg2 Rad8 13. 0-0 Nxd2 14. Nxd2 Na5 15. Rfe1 c5 16. cxd5 cxd4 17. dxe6 fxe6 18. Ne4 Qf5 19. exd4 Rxd4 20. f3 Rc8 21. Qb2 Rd3 22. b4 Nc4 23. g4 Qxe4 24. Rxe4 Nxb2 25. Bf1 Rd2 26. Bxa6 Rcc2 27. Bf1 Kf7 28. h3 Rc3 29. f4 Rg3+ 30. Kh1 Nd3 31. Re2 Rxe2 32. Bxe2 Rxh3+ 33. Kg1 Nxf4 34. Rf1 g5 35. Rf3 Rh4 36. Rf2 Ke7 37. Bf1 Rxg4+ 38. Kh2 Rh4+ 39. Kg3 Nh5+ 40. Kg2 Rg4+ 41. Kh3 Rf4 42. Rxf4 Nxf4+ 43. Kg4 Kf6 44. a4 h5+ 45. Kf3 Nd5 46. b5 Nc3 47. Kg3 Nxa4 48. Be2 Nc3 49. Bf1 Kf5 50. Bd3+ Ne4+ 0-1

[Event "BLR-ch sf (Women)"]
[Site "Minsk"]
[Date "2023.12.12"]
[Round "6"]
[White "Kasperovich, Aleksandra"]
[Black "Sevastsyanchuk, Anastasiya"]
[Result "1/2-1/2"]
[WhiteElo "1269"]
[BlackElo "1226"]
[PlyCount "73"]
[EventDate "2023.12.07"]
[EventType "swiss"]
[EventRounds "9"]
[EventCountry "BLR"]
[SourceTitle "CB51_2023"]
[SourceDate "2023.12.20"]
[SourceVersion "1"]
[SourceVersionDate "2023.12.20"]
[SourceQuality "1"]

1. e4 c6 2. d4 d5 3. e5 Bf5 4. Nf3 e6 5. Be2 Nd7 6. 0-0 a6 7. Be3 h6 8. Nc3 c5 9. Qd2 Qc7 10. Nh4 Bh7 11. f4 cxd4 12. Bxd4 Bc5 13. Nf3 Ne7 14. Kh1 Nf5 15. Bxc5 Qxc5 16. Bd3 Rc8 17. Rfe1 Nb6 18. g4 Ne7 19. Bxh7 Rxh7 20. Qd3 Rh8 21. f5 h5 22. fxe6 hxg4 23. exf7+ Kd7 24. Nd4 g3 25. e6+ Kd8 26. Rf1 Nc6 27. Nxc6+ Rxc6 28. Qxg3 Rxe6 29. Qg5+ Kc7 30. Rad1 Kc6 31. Qxg7 Rxh2+ 32. Kxh2 Qd6+ 33. Qg3 Rh6+ 34. Kg2 Rg6 35. Qxg6 Qxg6+ 36. Kh3 Qh5+ 37. Kg3 1/2-1/2

[Event "BLR-ch sf (Women)"]
[Site "Minsk"]
[Date "2023.12.09"]
[Round "3"]
[White "Siamionava, Hanna"]
[Black "Sevastsyanchuk, Anastasiya"]
[Result "1-0"]
[WhiteElo "1174"]
[BlackElo "1226"]
[PlyCount "123"]
[EventDate "2023.12.07"]
[EventType "swiss"]
[EventRounds "9"]
[EventCountry "BLR"]
[SourceTitle "CB51_2023"]
[SourceDate "2023.12.20"]
[SourceVersion "1"]
[SourceVersionDate "2023.12.20"]
[SourceQuality "1"]

1. e4 c5 2. Nc3 a6 3. a4 e6 4. g3 Nc6 5. Bg2 Be7 6. d3 Nf6 7. f4 d6 8. Nf3 0-0 9. 0-0 Qc7 10. h3 b6 11. g4 Rd8 12. g5 Nh5 13. Ne2 g6 14. Qe1 Bb7 15. c3 b5 16. Ng3 Ng7 17. Nh2 d5 18. Ng4 dxe4 19. dxe4 Rd3 20. axb5 axb5 21. Rxa8+ Bxa8 22. Rf3 Rxf3 23. Bxf3 Qd8 24. Qe2 b4 25. h4 bxc3 26. bxc3 Na5 27. Be3 Nb3 28. Qb5 Nd2 29. Bg2 Nh5 30. Nh6+ Kg7 31. Nxh5+ gxh5 32. f5 f6 33. fxe6 Bxe4 34. Bxe4 Nxe4 35. Nf5+ Kg6 36. Nxe7+ Qxe7 37. Qd7 Qd6 38. Qxd6 Nxd6 39. Bxc5 Ne8 40. gxf6 Kxf6 41. e7 Ke5 42. Kg2 Ke4 43. Kg3 Nf6 44. Bb4 Kf5 45. Kf3 Ne8 46. c4 Ke6 47. Ke4 Nc7 48. Ba5 Ne8 49. Bd8 Nd6+ 50. Kf4 h6 51. c5 Ne8 52. Ke4 Nf6+ 53. Kd4 Kd7 54. Ke5 Ne8 55. Kf5 Kc6 56. Kg6 Kxc5 57. Kxh5 Kd6 58. Kxh6 Ke6 59. Kg6 Kd7 60. h5 Ke6 61. h6 Nd6 62. h7 1-0

[Event "Minsk op"]
[Site "Minsk"]
[Date "2023.11.05"]
[Round "3"]
[White "Sevastsyanchuk, Anastasiya"]
[Black "Molochnikov, Mikhail"]
[Result "0-1"]
[WhiteElo "1262"]
[BlackElo "1378"]
[PlyCount "140"]
[EventDate "2023.11.03"]
[EventType "swiss"]
[EventRounds "9"]
[EventCountry "BLR"]
[SourceTitle "CB46_2023"]
[SourceDate "2023.11.15"]
[SourceVersion "1"]
[SourceVersionDate "2023.11.15"]
[SourceQuality "1"]

1. e4 e6 2. d4 d5 3. Nd2 dxe4 4. Nxe4 Nd7 5. Nf3 Ngf6 6. Nxf6+ Nxf6 7. Bd3 Be7 8. 0-0 0-0 9. Qe2 b6 10. Bg5 Bb7 11. c3 h6 12. Bh4 Nh5 13. Bg3 Nxg3 14. fxg3 Bf6 15. Rae1 Qd5 16. Be4 Qxe4 17. Qxe4 Bxe4 18. Rxe4 Rac8 19. Ne5 Bxe5 20. Rxe5 Rfd8 21. Rd1 c6 22. Kf2 a5 23. c4 Rc7 24. Ke3 Rcd7 25. Ke4 Kf8 26. d5 cxd5+ 27. cxd5 Kg8 28. g4 g6 29. Rd4 Kg7 30. h4 Kf6 31. b3 Ke7 32. Rd3 Rd6 33. g5 h5 34. a4 Rc8 35. dxe6 Rxe6 36. Rf3 Rb8 37. Rf6 Rxe5+ 38. Kxe5 b5 39. Ra6 bxa4 40. bxa4 Rb4 41. Rxa5 Rxh4 42. Ra7+ Kf8 43. g3 Rh1 44. a5 Rf1 45. Ra8+ Kg7 46. a6 Rf5+ 47. Ke4 Rxg5 48. a7 Ra5 49. Kd4 g5 50. Ke4 Kf6 51. Kf3 Kf5 52. Rh8 Rxa7 53. Rxh5 Ra3+ 54. Kf2 Kg4 55. Rh7 f5 56. Rg7 Rf3+ 57. Ke2 Rxg3 58. Kf2 Ra3 59. Rb7 Ra2+ 60. Kf1 f4 61. Rb3 f3 62. Rb5 Kh4 63. Kg1 g4 64. Rb8 Kg3 65. Rb1 f2+ 66. Kf1 Ra3 67. Rc1 Re3 68. Rd1 Re1+ 69. Rxe1 fxe1Q+ 70. Kxe1 Kh2 0-1

[Event "St Petersburg Korchnoi Memorial op"]
[Site "St Petersburg"]
[Date "2023.08.19"]
[Round "3"]
[White "Kostygova, Margarita"]
[Black "Sevastsyanchuk, Anastasiya"]
[Result "1/2-1/2"]
[WhiteElo "1524"]
[BlackElo "1101"]
[PlyCount "112"]
[EventDate "2023.08.18"]
[EventType "swiss"]
[EventRounds "9"]
[EventCountry "RUS"]
[SourceTitle "EXT 2024"]
[Source "ChessBase"]
[SourceDate "2023.10.10"]
[SourceVersion "1"]
[SourceVersionDate "2023.10.10"]
[SourceQuality "1"]

1. e4 c5 2. Nf3 e6 3. d4 cxd4 4. Nxd4 Nf6 5. Nc3 Nc6 6. Ndb5 Bc5 7. Nd6+ Ke7 8. Bf4 e5 9. Nf5+ Kf8 10. Bg5 Bb4 11. Qd3 h6 12. Bh4 d6 13. Ne3 Be6 14. Bxf6 Qxf6 15. a3 Bxc3+ 16. bxc3 Ke7 17. Rb1 Rab8 18. Be2 h5 19. 0-0 h4 20. Rfd1 Rhd8 21. Qb5 h3 22. Nd5+ Bxd5 23. exd5 Qg6 24. g3 Qe4 25. Bf1 Qxc2 26. dxc6 bxc6 27. Qd3 Qxd3 28. Bxd3 g6 29. g4 d5 30. f3 Rb6 31. Rb4 c5 32. Rxb6 axb6 33. Bf1 d4 34. c4 f5 35. Bd3 Kf6 36. Kf2 Kg5 37. Kg3 Ra8 38. Ra1 Re8 39. Re1 Kf6 40. Kxh3 Ra8 41. Ra1 Re8 42. Rb1 e4 43. fxe4 fxe4 44. Re1 exd3 45. Rxe8 d2 46. Rf8+ Ke5 47. Rf1 Ke4 48. Kg3 Ke3 49. h4 Ke2 50. Rf2+ Ke1 51. Rxd2 Kxd2 52. h5 gxh5 53. gxh5 Kc2 54. h6 d3 55. h7 d2 56. h8Q d1Q 1/2-1/2

[Event "Wch U10 Girls blitz"]
[Site "Batumi"]
[Date "2023.06.11"]
[Round "7"]
[White "Milner, Romi"]
[Black "Sevastsyanchuk, Anastasiya"]
[Result "0-1"]
[WhiteElo "1693"]
[BlackElo "1392"]
[PlyCount "108"]
[EventDate "2023.06.10"]
[EventType "swiss (blitz)"]
[EventRounds "11"]
[EventCountry "GEO"]
[SourceTitle "EXT 2024"]
[Source "ChessBase"]
[SourceDate "2023.10.10"]
[SourceVersion "1"]
[SourceVersionDate "2023.10.10"]
[SourceQuality "1"]
[WhiteTeam "United States"]
[BlackTeam "FIDE"]
[WhiteTeamCountry "USA"]

1. d4 Nf6 2. Bf4 e6 3. Nf3 b6 4. e3 c5 5. Nbd2 Be7 6. Nc4 d6 7. h3 Ba6 8. Be2 Nbd7 9. Nxd6+ Bxd6 10. Bxd6 Bxe2 11. Qxe2 Ne4 12. Bf4 0-0 13. 0-0 Ndf6 14. dxc5 Nxc5 15. Rad1 Nd5 16. Bh2 Qf6 17. c3 Rfd8 18. Ne5 Rac8 19. Ng4 Qg6 20. Rd4 Qg5 21. Rfd1 Nb7 22. c4 Nf6 23. Bf4 Qf5 24. Nxf6+ Qxf6 25. Qd2 Rxd4 26. exd4 Rxc4 27. Be5 Qe7 28. Qd3 Rc8 29. Bg3 Rd8 30. Qe4 Nd6 31. Qg4 Nf5 32. Be5 f6 33. Bh2 Qd7 34. Qe4 Nxd4 35. Bf4 e5 36. Be3 Nf3+ 37. Qxf3 Qxd1+ 38. Qxd1 Rxd1+ 39. Kh2 Ra1 40. a3 Rb1 41. b4 Rb3 42. a4 Rxb4 43. a5 bxa5 44. Bxa7 a4 45. Bc5 Rc4 46. Be3 a3 47. Kg1 a2 48. Bd2 a1Q+ 49. Kh2 Qd4 50. Be3 Qe4 51. Bd2 Rc2 52. Be3 Re2 53. Bb6 Qf4+ 54. Kg1 Re1# 0-1

[Event "Wch U10 Girls rapid"]
[Site "Batumi"]
[Date "2023.06.07"]
[Round "4"]
[White "Sevastsyanchuk, Anastasiya"]
[Black "Milner, Romi"]
[Result "0-1"]
[WhiteElo "1244"]
[BlackElo "1718"]
[PlyCount "148"]
[EventDate "2023.06.06"]
[EventType "swiss (rapid)"]
[EventRounds "11"]
[EventCountry "GEO"]
[SourceTitle "EXT 2024"]
[Source "ChessBase"]
[SourceDate "2023.10.10"]
[SourceVersion "1"]
[SourceVersionDate "2023.10.10"]
[SourceQuality "1"]
[WhiteTeam "FIDE"]
[BlackTeam "United States"]
[BlackTeamCountry "USA"]

1. e4 e5 2. Nf3 Nc6 3. Bb5 Nf6 4. 0-0 Nxe4 5. Re1 Nd6 6. Nxe5 Be7 7. Nxc6 dxc6 8. Ba4 0-0 9. d4 Nf5 10. c3 Be6 11. Bc2 Bd6 12. Nd2 c5 13. Qf3 Nh4 14. Qd3 Bf5 15. Ne4 Re8 16. dxc5 Bxc5 17. Qxd8 Raxd8 18. Bg5 Be7 19. Bxe7 Rxe7 20. Nf6+ Kf8 21. Bxf5 Rxe1+ 22. Rxe1 Nxf5 23. Nxh7+ Kg8 24. Ng5 f6 25. Ne6 Rd2 26. Rb1 c6 27. Nc5 b6 28. Ne4 Re2 29. Ng3 Nxg3 30. hxg3 Kf7 31. Kf1 Rc2 32. f3 Ke6 33. Re1+ Kd6 34. Re2 Rc1+ 35. Re1 Rc2 36. Re2 Rc1+ 37. Kf2 Kd5 38. Ke3 g5 39. f4 Ra1 40. fxg5 fxg5 41. a3 Rf1 42. Rd2+ Ke6 43. Kd4 Rf5 44. Ke4 Re5+ 45. Kf3 Rf5+ 46. Kg4 Re5 47. Rf2 Rb5 48. Re2+ Kf6 49. b4 Rd5 50. Rf2+ Kg6 51. Re2 Kf6 52. Rc2 Ke6 53. Kh5 Kf6 54. c4 Rd3 55. Rf2+ Kg7 56. g4 Rxa3 57. b5 cxb5 58. cxb5 Rb3 59. Rf5 Rg3 60. Rxg5+ Kh7 61. Rf5 Kg8 62. Rf2 Rb3 63. Rf5 Rg3 64. g5 Rxg2 65. Rd5 Rh2+ 66. Kg6 Kf8 67. Kf6 Ke8 68. Kg7 Rg2 69. g6 Ke7 70. Re5+ Kd6 71. Rh5 Ke6 72. Kh7 Kf6 73. Rh6 Rg1 74. Kg8 Rxg6+ 0-1

[Event "Online Friendship U12"]
[Site "Tornelo INT"]
[Date "2020.11.21"]
[Round "1.6"]
[White "Tatvidze, Davit"]
[Black "Sevastsyanchuk, Anastasiya"]
[Result "1-0"]
[WhiteElo "1271"]
[BlackElo "1042"]
[PlyCount "75"]
[EventDate "2020.11.21"]
[EventType "team-swiss"]
[EventRounds "7"]
[EventCountry "BLR"]
[SourceTitle "CBM 199 Extra"]
[Source "ChessBase"]
[SourceDate "2021.01.31"]
[SourceVersion "1"]
[SourceVersionDate "2021.01.31"]
[SourceQuality "1"]
[WhiteTeam "Georgia"]
[BlackTeam "Belarus FIDE Academy"]
[WhiteTeamCountry "GEO"]
[BlackTeamCountry "BLR"]

1. e4 c6 2. d4 d5 3. exd5 cxd5 4. Bd3 Nc6 5. c3 Nf6 6. h3 g6 7. Nf3 Bf5 8. 0-0 Bg7 9. Bf4 0-0 10. Re1 Qd7 11. Ne5 Nxe5 12. Bxe5 Bxd3 13. Qxd3 a5 14. Nd2 a4 15. Nf3 b5 16. Bg3 Rfc8 17. Ne5 Qb7 18. Rac1 Nd7 19. Nxd7 Qxd7 20. Qe3 e6 21. Ra1 Qb7 22. a3 Qc6 23. Qd3 Qc4 24. Rad1 Qb3 25. Qe2 Qc4 26. Bf4 Qc6 27. Qd3 Qd7 28. Be5 Qc6 29. Bxg7 Kxg7 30. Qe3 Rab8 31. h4 Qd7 32. Qe5+ Kg8 33. h5 gxh5 34. Re3 Kf8 35. Qxh5 Ke7 36. Rf3 Kd6 37. Rxf7 Qc6 38. Qe5# 1-0